[Event "SR 2. liga A 2003/2004"]
[Site "?"]
[Date "2004.02.07"]
[Round "8.7"]
[White "Bilovsky, Milan"]
[Black "Mikulas, Dusan"]
[Result "0-1"]
[WhiteElo "1870"]
[BlackElo "2143"]
[PlyCount "62"]
[EventDate "2003.??.??"]

1. c4 e5 2. Nc3 Nf6 3. g3 d6 4. Bg2 g6 5. e3 Bg7 6. d4 Nbd7 7. Nge2 O-O 8. O-O
c6 9. b4 Qc7 10. Qb3 Re8 11. Re1 Nf8 12. Bb2 g5 13. Rad1 Ng6 14. Qc2 Bg4 15. f3
Be6 16. Ne4 Nxe4 17. fxe4 Rad8 18. d5 Bc8 19. Rf1 Bg4 20. h3 Bd7 21. Bc3 Rc8
22. Rc1 cxd5 23. cxd5 g4 24. h4 Bh6 25. Qd2 Qb6 26. Kf2 f5 27. Nf4 exf4 28.
gxf4 fxe4 29. Kg3 Bb5 30. Bd4 Qd8 31. Rxc8 Qxh4# 0-1

[Event "SR 2. liga A 2003/2004"]
[Site "?"]
[Date "2004.02.07"]
[Round "8.7"]
[White "Isa, Vlastimil"]
[Black "Dzavik, Jozef"]
[Result "1/2-1/2"]
[WhiteElo "2007"]
[BlackElo "1967"]
[PlyCount "23"]
[EventDate "2003.??.??"]

1. e4 e6 2. d4 d5 3. Nd2 c5 4. Ngf3 Nc6 5. exd5 exd5 6. Bb5 Bd6 7. dxc5 Bxc5 8.
O-O Nge7 9. Nb3 Bd6 10. h3 O-O 11. Nbd4 h6 12. c3 1/2-1/2

[Event "SR 2. liga A 2003/2004"]
[Site "?"]
[Date "2004.02.07"]
[Round "8.7"]
[White "Jurcak, Marian"]
[Black "Machalova, Erika"]
[Result "0-1"]
[WhiteElo "1885"]
[BlackElo "1996"]
[PlyCount "110"]
[EventDate "2003.??.??"]

1. d4 Nf6 2. c4 e6 3. Nf3 b6 4. a3 Bb7 5. Nc3 d5 6. cxd5 Nxd5 7. e3 Be7 8. Bb5+
c6 9. Bd3 Nd7 10. O-O O-O 11. Ne4 c5 12. Bd2 Rc8 13. Rc1 N7f6 14. Ng3 cxd4 15.
Rxc8 Qxc8 16. e4 Nc7 17. Nxd4 Rd8 18. Bc3 Na6 19. Qf3 Nc5 20. Bb1 Na4 21. Nde2
Nxc3 22. Nxc3 Rd2 23. b4 Qd8 24. Qf4 a6 25. Nd5 Rd4 26. Nxe7+ Qxe7 27. Qe3 Qd8
28. h3 g6 29. e5 Ne8 30. Ne4 Qd5 31. Qg3 Rxe4 32. Bxe4 Qxe4 33. Qf3 Qxf3 34.
gxf3 Bxf3 35. Re1 Kf8 36. Re3 Bd5 37. f4 Ke7 38. Kf2 Ng7 39. Rc3 Kd7 40. Kg3 h6
41. Kg4 Nh5 42. Rd3 f5+ 43. exf6 Nxf6+ 44. Kh4 Ne4 45. f5 gxf5 46. Kh5 Ke7 47.
Kxh6 Kf6 48. h4 f4 49. Kh7 Ng3 50. Rc3 f3 51. Rc8 Be4+ 52. Kg8 Kg6 53. Rf8 Nf5
54. Re8 Bd5 55. Rc8 Ne7+ 0-1

[Event "SR 2. liga A 2003/2004"]
[Site "?"]
[Date "2004.02.07"]
[Round "8.7"]
[White "Sekera, Branislav"]
[Black "Prielozny, Marek"]
[Result "0-1"]
[WhiteElo "2122"]
[BlackElo "1924"]
[PlyCount "92"]
[EventDate "2003.??.??"]

1. d4 Nf6 2. Nf3 c5 3. d5 e6 4. c4 b5 5. dxe6 fxe6 6. cxb5 d5 7. g3 Bd6 8. Bg2
O-O 9. O-O a6 10. bxa6 Nxa6 11. b3 e5 12. Bb2 Qe7 13. Nfd2 e4 14. a3 Bb7 15. e3
Nd7 16. Nc3 Bc6 17. Qe2 Ne5 18. Rab1 Nd3 19. Ba1 Nc7 20. a4 Rae8 21. Nd1 Bb7
22. Nc3 Ba6 23. Nb5 Nxb5 24. axb5 Bxb5 25. Qh5 Nb4 26. Rfe1 g6 27. Qd1 Bd3 28.
Rc1 Na2 29. Rb1 Bxb1 30. Nxb1 Nb4 31. f4 Nd3 32. Rf1 Ra8 33. Nc3 Qb7 34. Bh3
Rae8 35. Ne2 Bc7 36. Qc2 Bd8 37. f5 gxf5 38. Bxf5 Ne5 39. g4 Nf3+ 40. Kh1 Bf6
41. Bxf6 Rxf6 42. Nf4 Rh6 43. h3 Qb4 44. Rd1 Rd6 45. Qa2 Qb7 46. Qc2 Qe7 0-1

[Event "SR 2. liga A 2003/2004"]
[Site "?"]
[Date "2004.02.07"]
[Round "8.7"]
[White "Slamena, Michal"]
[Black "Pericka, Tomas"]
[Result "1/2-1/2"]
[WhiteElo "1872"]
[BlackElo "1947"]
[PlyCount "66"]
[EventDate "2003.??.??"]

1. e4 c5 2. Nf3 Nc6 3. d4 cxd4 4. Nxd4 g6 5. Nc3 Bg7 6. Be3 Nf6 7. Bc4 Qa5 8.
O-O O-O 9. f4 d6 10. h3 Qb4 11. Bb3 Nxd4 12. Bxd4 Nxe4 13. Bxg7 Kxg7 14. Nxe4
Qxe4 15. Qd2 Qc6 16. Qd4+ Kg8 17. Rae1 e6 18. Kh2 b6 19. g4 Bb7 20. Rf2 Qc5 21.
Qd2 a5 22. a3 d5 23. f5 Qd6+ 24. Qf4 Qxf4+ 25. Rxf4 Rae8 26. Ba4 Re7 27. Rf3 e5
28. Rb3 gxf5 29. gxf5 Bc8 30. Rxb6 Bxf5 31. Rb5 Be4 32. Rxa5 f5 33. Bc6 Rc7
1/2-1/2

[Event "SR 2. liga A 2003/2004"]
[Site "?"]
[Date "2004.02.07"]
[Round "8.8"]
[White "Faltan, Peter"]
[Black "Cambel, Vladimir"]
[Result "1-0"]
[WhiteElo "2019"]
[BlackElo "2110"]
[PlyCount "71"]
[EventDate "2003.??.??"]

1. d4 Nf6 2. c4 g6 3. Nc3 Bg7 4. e4 d6 5. Bd3 O-O 6. Nge2 c5 7. d5 e5 8. f3 Nh5
9. g4 Qh4+ 10. Kf1 Qh3+ 11. Kf2 Nf4 12. Nxf4 exf4 13. Bxf4 Bd4+ 14. Ke1 Qg2 15.
Rf1 Qxb2 16. Nb5 Qxa1 17. Qxa1 Bxa1 18. Nc7 Na6 19. Nxa8 Rd8 20. Kd2 Be5 21.
Bxe5 dxe5 22. Rb1 Rd6 23. Rb3 b6 24. Ra3 Rd7 25. Bc2 Bb7 26. Ba4 Rd8 27. Bb5
Nb4 28. Nc7 a6 29. Ba4 Rc8 30. Ne8 b5 31. Nd6 Rc7 32. cxb5 axb5 33. Bxb5 Kf8
34. Ra7 Ke7 35. Nxb7 Kf6 36. d6 1-0

[Event "SR 2. liga A 2003/2004"]
[Site "?"]
[Date "2004.02.07"]
[Round "8.8"]
[White "Gono, Jozef"]
[Black "Stetina, Erik"]
[Result "0-1"]
[WhiteElo "1536"]
[BlackElo "1749"]
[PlyCount "36"]
[EventDate "2003.??.??"]

1. c4 e6 2. Nc3 Nf6 3. e3 d5 4. d4 Be7 5. Nf3 O-O 6. Be2 Nbd7 7. O-O dxc4 8.
Bxc4 b6 9. a3 Bb7 10. Qe2 c5 11. Ba6 Qc8 12. Rd1 Bxa6 13. Qd2 Rd8 14. d5 exd5
15. Nxd5 Nxd5 16. Qxd5 Nf6 17. Qb3 Qe6 18. Nd2 Qxb3 0-1

[Event "SR 2. liga A 2003/2004"]
[Site "?"]
[Date "2004.02.07"]
[Round "8.8"]
[White "Kundrak, Vladimir"]
[Black "Kosegi, Marek"]
[Result "1-0"]
[WhiteElo "1997"]
[BlackElo "1855"]
[PlyCount "79"]
[EventDate "2003.??.??"]

1. e4 c5 2. Nf3 Nc6 3. d4 cxd4 4. c3 dxc3 5. Nxc3 d6 6. Bc4 e6 7. Qe2 Nf6 8.
O-O a6 9. Rd1 Qc7 10. Bf4 Be7 11. Rac1 O-O 12. a3 Bd7 13. b4 b5 14. Ba2 Rac8
15. Qd2 e5 16. Bg5 Be6 17. Nd5 Nxe4 18. Nxc7 Nxd2 19. Rxd2 Bxg5 20. Nxg5 Bxa2
21. Rxc6 Bc4 22. Rdxd6 Rfd8 23. Nxa6 h6 24. Rxc8 Rxc8 25. Ne4 Bd3 26. Nec5 Bg6
27. f3 Kf8 28. Rb6 Rd8 29. Rb8 Ke7 30. Rxd8 Kxd8 31. Ne4 Kd7 32. Nac5+ Kc6 33.
Nc3 f6 34. Kf2 Bf7 35. Ke3 Bc4 36. g3 Bf7 37. f4 g5 38. fxe5 fxe5 39. Ke4 Bg6+
40. Kxe5 1-0

[Event "SR 2. liga A 2003/2004"]
[Site "?"]
[Date "2004.02.07"]
[Round "8.8"]
[White "Milanov, Jasen"]
[Black "Pribila, Michal"]
[Result "1-0"]
[WhiteElo "2046"]
[BlackElo "1620"]
[PlyCount "73"]
[EventDate "2003.??.??"]

1. c4 e6 2. Nc3 d5 3. d4 Nf6 4. e3 c6 5. Bd3 dxc4 6. Bxc4 Nbd7 7. Nf3 Nb6 8.
Bd3 Bd6 9. e4 Be7 10. O-O h6 11. Qc2 O-O 12. Bf4 Bd7 13. Rad1 Rc8 14. Qe2 Re8
15. Bc2 Bf8 16. Qd3 g6 17. Ne5 Nh5 18. Be3 Bg7 19. Nxf7 Kxf7 20. e5 Qh4 21.
Qxg6+ Kf8 22. g4 Re7 23. gxh5 Be8 24. Qg3 Qxh5 25. Kh1 Nc4 26. b3 Nxe3 27.
fxe3+ Kg8 28. Ne4 Kh8 29. Nd6 Rd8 30. Rf4 Rxd6 31. exd6 Rd7 32. Rg1 Qd5+ 33.
Be4 Qxd6 34. Qf3 e5 35. Rfg4 h5 36. Rg5 Qh6 37. Qf8+ 1-0

[Event "SR 2. liga A 2003/2004"]
[Site "?"]
[Date "2004.02.07"]
[Round "8.8"]
[White "Palka, Miroslav"]
[Black "Kersten, Juraj"]
[Result "1/2-1/2"]
[WhiteElo "2030"]
[BlackElo "1930"]
[PlyCount "64"]
[EventDate "2003.??.??"]

1. e4 c5 2. b4 e5 3. Nf3 Qc7 4. Bb2 Nc6 5. b5 Nd4 6. Bc4 Nf6 7. Nc3 Be7 8. O-O
d6 9. h3 O-O 10. Nh2 Be6 11. Be2 d5 12. exd5 Nxd5 13. Nxd5 Bxd5 14. c4 Be6 15.
Bxd4 cxd4 16. d3 f5 17. Nf3 Rad8 18. Qc2 b6 19. a4 Bf6 20. Rac1 Rc8 21. Rfe1
Bd7 22. Qa2 Kh8 23. Nd2 Bg5 24. Rc2 Rce8 25. Bh5 g6 26. Bf3 Bxd2 27. Rxd2 Qc5
28. Bd5 Kg7 29. f3 Kf6 30. a5 Be6 31. Bc6 Re7 32. Rde2 Bc8 1/2-1/2

[Event "SR 2. liga A 2003/2004"]
[Site "?"]
[Date "2004.02.07"]
[Round "8.8"]
[White "Pericka, Pavol"]
[Black "Synak, Jan"]
[Result "1/2-1/2"]
[WhiteElo "1665"]
[BlackElo "1755"]
[PlyCount "25"]
[EventDate "2003.??.??"]

1. e4 c5 2. Nf3 Nc6 3. d4 cxd4 4. Nxd4 Nf6 5. Bc4 Nxe4 6. Bxf7+ Kxf7 7. Qh5+ g6
8. Qd5+ e6 9. Qxe4 Qa5+ 10. Nc3 Qe5 11. Be3 Qxe4 12. Nxe4 h6 13. Nb5 1/2-1/2

[Event "SR 2. liga A 2003/2004"]
[Site "?"]
[Date "2004.02.08"]
[Round "9.1"]
[White "Duriga, Stefan"]
[Black "Smolen, Jan"]
[Result "1-0"]
[WhiteElo "2246"]
[BlackElo "2256"]
[PlyCount "55"]
[EventDate "2003.??.??"]

1. d4 Nf6 2. Nf3 g6 3. c4 Bg7 4. Nc3 d5 5. e3 O-O 6. a3 c5 7. dxc5 Qc7 8. cxd5
Qxc5 9. Qb3 Rd8 10. Be2 Nxd5 11. Nxd5 Qxd5 12. Bc4 Qf5 13. O-O e6 14. Re1 Nc6
15. e4 Qa5 16. Bg5 Rd7 17. Be3 Qd8 18. Bb5 Qf6 19. e5 Qf5 20. Rac1 Rc7 21. Bxc6
bxc6 22. Bc5 Ba6 23. Red1 Rb7 24. Qc3 Rab8 25. b4 Bb5 26. Rd4 a5 27. g4 axb4
28. axb4 1-0

[Event "SR 2. liga A 2003/2004"]
[Site "?"]
[Date "2004.02.08"]
[Round "9.1"]
[White "Kleman, Miroslav"]
[Black "Provaznik, Michal"]
[Result "1/2-1/2"]
[WhiteElo "2158"]
[BlackElo "2241"]
[PlyCount "111"]
[EventDate "2003.??.??"]

1. d4 Nf6 2. Nf3 e6 3. Bf4 b6 4. Nbd2 Bb7 5. e3 Be7 6. Bd3 d5 7. O-O O-O 8. c3
Nbd7 9. a3 c5 10. Rc1 Nh5 11. Bg3 Nxg3 12. hxg3 c4 13. Bc2 f5 14. Ra1 b5 15.
Ne1 Nf6 16. Qe2 Bd6 17. Nef3 Qc7 18. Rfb1 Bc6 19. Ng5 Bd7 20. f4 h6 21. Nh3 Be8
22. Nf3 Bh5 23. Qe1 Rfb8 24. Nf2 a5 25. Ne5 a4 26. Bd1 Bxd1 27. Qxd1 Bxe5 28.
dxe5 Nd7 29. Qh5 Nc5 30. Re1 Qf7 31. g4 Rd8 32. Qxf7+ Kxf7 33. gxf5 exf5 34.
Rad1 g5 35. Re2 g4 36. Kh2 Ke6 37. Kg3 Rh8 38. Kh2 h5 39. Kg1 h4 40. Kh1 Rag8
41. Red2 Rd8 42. Re2 Rd7 43. Red2 Rhh7 44. Kg1 Na6 45. e4 Nc7 46. exf5+ Kxf5
47. Rd4 Ne6 48. Rxd5 Rxd5 49. Rxd5 Nxf4 50. Rxb5 Ne2+ 51. Kf1 Ng3+ 52. Ke1 Re7
53. Rd5 Re6 54. Kd1 Nf1 55. Ke2 Ng3+ 56. Ke3 1/2-1/2

[Event "SR 2. liga A 2003/2004"]
[Site "?"]
[Date "2004.02.08"]
[Round "9.1"]
[White "Kundrik, Peter"]
[Black "Bisco, Igor"]
[Result "0-1"]
[WhiteElo "2163"]
[BlackElo "2187"]
[PlyCount "78"]
[EventDate "2003.??.??"]

1. e4 e5 2. Nf3 Nc6 3. Bb5 a6 4. Ba4 Nf6 5. O-O Be7 6. Re1 b5 7. Bb3 d6 8. c3
O-O 9. h3 Bb7 10. a4 h6 11. d3 Re8 12. Nbd2 Bf8 13. Nf1 Na5 14. Ba2 c5 15. Ne3
c4 16. dxc4 bxc4 17. Nxc4 Nxc4 18. Bxc4 Qc7 19. Bd3 d5 20. Nd2 Rad8 21. Qc2 Bc5
22. exd5 e4 23. Nxe4 Nxe4 24. Rxe4 Bxd5 25. Bf4 Qc6 26. Rxe8+ Rxe8 27. b4 Ba7
28. Bf1 Re4 29. b5 Qa8 30. Bg3 axb5 31. axb5 Bxf2+ 32. Bxf2 Qxa1 33. c4 Rxc4
34. Qd3 Rc1 35. Be3 Rd1 36. Qf5 Qa2 37. Qc8+ Kh7 38. Qf5+ g6 39. Qf4 Qxg2# 0-1

[Event "SR 2. liga A 2003/2004"]
[Site "?"]
[Date "2004.02.08"]
[Round "9.1"]
[White "Meszaros, Michal"]
[Black "Felcir, Jaroslav"]
[Result "1-0"]
[WhiteElo "2317"]
[BlackElo "2215"]
[PlyCount "77"]
[EventDate "2003.??.??"]

1. e4 e5 2. Nf3 Nc6 3. Bb5 Bc5 4. O-O Nge7 5. c3 Bb6 6. d4 exd4 7. cxd4 d5 8.
exd5 Nxd5 9. Re1+ Be6 10. Ne5 O-O 11. Nxc6 bxc6 12. Bxc6 Rb8 13. Nc3 Nb4 14. d5
Bf5 15. Qf3 Bg6 16. Ba4 Nd3 17. Re2 Nxc1 18. Rxc1 Qg5 19. Ree1 Ba5 20. b3 Rb4
21. Qe3 Qh4 22. Qc5 Rxa4 23. Nxa4 Bxe1 24. Rxe1 Qf4 25. Qe3 Qb4 26. Qe7 Qd2 27.
Nc5 f6 28. Rf1 Re8 29. Qd7 Re1 30. Qd8+ Re8 31. Qxc7 Qxd5 32. Qxa7 Ra8 33. Qb6
Rxa2 34. Qb8+ Kf7 35. h4 Rc2 36. Re1 Be4 37. Qc7+ Kg8 38. Qb8+ Kf7 39. Nxe4 1-0

[Event "SR 2. liga A 2003/2004"]
[Site "?"]
[Date "2004.02.08"]
[Round "9.1"]
[White "Rohacek, Miroslav"]
[Black "Oprea, Erik"]
[Result "1-0"]
[WhiteElo "2207"]
[BlackElo "2083"]
[PlyCount "63"]
[EventDate "2003.??.??"]

1. Nf3 g6 2. c4 c5 3. g3 Bg7 4. Bg2 Nc6 5. Nc3 e6 6. e4 Nge7 7. O-O O-O 8. d3
d5 9. exd5 exd5 10. Bg5 f6 11. Bf4 g5 12. cxd5 gxf4 13. dxc6 Nxc6 14. Qb3+ Kh8
15. Qc4 Ne5 16. Qxf4 Nxd3 17. Qc4 b6 18. Nh4 Rb8 19. Bd5 Ne5 20. Qf4 Bb7 21.
Rad1 Qc8 22. Nf5 Bxd5 23. Nxd5 Qb7 24. Qe4 Rbd8 25. Rfe1 Rfe8 26. f4 Ng6 27.
Qxe8+ Rxe8 28. Rxe8+ Bf8 29. Nde7 Qf3 30. Nxg6+ hxg6 31. Rxf8+ Kh7 32. Rd7# 1-0

[Event "SR 2. liga A 2003/2004"]
[Site "?"]
[Date "2004.02.08"]
[Round "9.1"]
[White "Tepper, Frantisek"]
[Black "Plachetka, Jan"]
[Result "1/2-1/2"]
[WhiteElo "2232"]
[BlackElo "2455"]
[PlyCount "107"]
[EventDate "2003.??.??"]

1. e4 c5 2. Nf3 Nc6 3. Bb5 g6 4. O-O Bg7 5. Re1 e5 6. c3 Nge7 7. d3 O-O 8. Nbd2
d6 9. Nf1 a6 10. Ba4 h6 11. h3 f5 12. Ne3 f4 13. Bb3+ Kh7 14. Nd5 Nxd5 15. exd5
Ne7 16. d4 exd4 17. cxd4 b6 18. dxc5 bxc5 19. Qe2 Ra7 20. Qe4 Nf5 21. Bxf4 Bxb2
22. Rad1 Bc3 23. Bd2 Bxd2 24. Rxd2 Qf6 25. Rde2 Rd7 26. Qd3 Kg7 27. Bc2 Kh8 28.
g4 Re7 29. Qd2 Rxe2 30. Rxe2 Qg7 31. gxf5 gxf5+ 32. Kf1 f4 33. Qd3 Bxh3+ 34.
Ke1 Bf5 35. Qd2 Qa1+ 36. Bd1 Bg4 37. Qb2+ Qxb2 38. Rxb2 Re8+ 39. Kd2 Re4 40.
Rb6 Ra4 41. Rxd6 Rxa2+ 42. Kd3 Rxf2 43. Ke4 Rf1 44. Be2 Rf2 45. Kd3 Bxf3 46.
Bxf3 Rxf3+ 47. Ke4 Rf1 48. Rxh6+ Kg7 49. Rxa6 f3 50. Ke3 f2 51. Ke2 Rd1 52.
Kxf2 Rxd5 53. Ke3 Kf7 54. Ke4 1/2-1/2

[Event "SR 2. liga A 2003/2004"]
[Site "?"]
[Date "2004.02.08"]
[Round "9.2"]
[White "Cvicela, Anton"]
[Black "Matulik, Daniel"]
[Result "1/2-1/2"]
[WhiteElo "2143"]
[BlackElo "2166"]
[PlyCount "25"]
[EventDate "2003.??.??"]

1. e4 c6 2. d4 d5 3. Nc3 dxe4 4. Nxe4 Bf5 5. Ng3 Bg6 6. h4 h6 7. h5 Bh7 8. Nf3
Nd7 9. Bd3 Bxd3 10. Qxd3 Ngf6 11. Bd2 e6 12. O-O-O Be7 13. c4 1/2-1/2

[Event "SR 2. liga A 2003/2004"]
[Site "?"]
[Date "2004.02.08"]
[Round "9.2"]
[White "Horak, Ivan"]
[Black "Janos, Martin"]
[Result "0-1"]
[WhiteElo "2203"]
[BlackElo "2153"]
[PlyCount "60"]
[EventDate "2003.??.??"]

1. e4 Nc6 2. d4 d5 3. Nc3 e6 4. Bb5 Bb4 5. Bd2 Bd7 6. Bxc6 Bxc6 7. e5 f6 8. Nf3
Ne7 9. a3 Ba5 10. O-O Ng6 11. Qe2 O-O 12. h4 Bb6 13. h5 Nh8 14. Rad1 Be8 15. g4
f5 16. Bg5 Qd7 17. h6 fxg4 18. Nh4 Bh5 19. Rd3 c5 20. dxc5 Bxc5 21. Ne4 Be7 22.
hxg7 Kxg7 23. Nf6 Bxf6 24. Bxf6+ Kg8 25. c4 Ng6 26. Qd2 Rxf6 27. exf6 Nxh4 28.
Qg5+ Bg6 29. Qxg4 Kh8 30. Rxd5 Qf7 {time} 0-1

[Event "SR 2. liga A 2003/2004"]
[Site "?"]
[Date "2004.02.08"]
[Round "9.2"]
[White "Hudec, Jan"]
[Black "Machalova, Maria"]
[Result "1/2-1/2"]
[WhiteElo "2117"]
[BlackElo "2163"]
[PlyCount "42"]
[EventDate "2003.??.??"]

1. d4 Nf6 2. c4 e6 3. Nc3 Bb4 4. e3 O-O 5. Bd3 d5 6. Nf3 c5 7. O-O cxd4 8. exd4
dxc4 9. Bxc4 Nc6 10. Qd3 b6 11. Ne4 Bb7 12. Nxf6+ Qxf6 13. a3 Be7 14. b4 Qg6
15. Qxg6 hxg6 16. d5 exd5 17. Bxd5 Bf6 18. Rb1 Rad8 19. Bb3 Nd4 20. Nxd4 Bxd4
21. Bg5 Bf6 1/2-1/2

[Event "SR 2. liga A 2003/2004"]
[Site "?"]
[Date "2004.02.08"]
[Round "9.2"]
[White "Lanc, Alois"]
[Black "Fabry, Robert"]
[Result "1/2-1/2"]
[WhiteElo "2380"]
[BlackElo "2182"]
[PlyCount "184"]
[EventDate "2003.??.??"]

1. e4 e5 2. Nf3 Nc6 3. Bb5 a6 4. Ba4 Nf6 5. O-O Be7 6. Bxc6 dxc6 7. Qe1 Nd7 8.
b3 f6 9. Nc3 Nf8 10. Bb2 Bg4 11. Nh4 Qd7 12. f3 Be6 13. g3 Bc5+ 14. Kh1 Bh3 15.
Ng2 O-O-O 16. d3 h5 17. Nd1 Ne6 18. Nf2 Bxg2+ 19. Kxg2 Bd4 20. Bxd4 Nxd4 21.
Rc1 Ne6 22. Qe3 Qd4 23. Nd1 h4 24. Qxd4 Nxd4 25. Ne3 hxg3 26. hxg3 Rh7 27. Rh1
Rdh8 28. Rxh7 Rxh7 29. Rf1 Ne6 30. Nf5 Kd7 31. Rd1 c5 32. c3 c6 33. d4 cxd4 34.
cxd4 Nxd4 35. Nxd4 exd4 36. Rxd4+ Ke6 37. Rd8 g5 38. a4 a5 39. Rc8 Re7 40. Rh8
Kd6 41. Rf8 Ke6 42. Kf2 b5 43. Ra8 bxa4 44. bxa4 Rb7 45. Rxa5 Rb2+ 46. Kf1 Ra2
47. g4 c5 48. Rxc5 Rxa4 49. Kf2 Ra3 50. Rf5 Ra2+ 51. Ke3 Ra3+ 52. Kd4 Ra4+ 53.
Kc3 Ra3+ 54. Kc4 Re3 55. Kd4 Ra3 56. Kc4 Re3 57. Kc5 Rc3+ 58. Kb6 Ke7 59. e5
fxe5 60. Rxe5+ Kf6 61. Rf5+ Kg6 62. Kb5 Rc1 63. Kb4 Rc2 64. Rc5 Rb2+ 65. Kc3
Rf2 66. Rf5 Ra2 67. Kd3 Ra3+ 68. Ke2 Ra4 69. Ke3 Ra3+ 70. Kf2 Ra2+ 71. Kg3 Ra3
72. Rb5 Kf6 73. Rb6+ Kg7 74. Rd6 Kf7 75. Kf2 Kg7 76. Ke2 Kf7 77. Rd3 Ra1 78.
Ke3 Ke6 79. Rb3 Ke7 80. Rb6 Kf7 81. Rd6 Ra4 82. Rd4 Ra6 83. Ke4 Kf6 84. Rb4 Ke6
85. Kd4 Kf6 86. Rb5 Ra4+ 87. Ke3 Ra6 88. Rb4 Rc6 89. Kd4 Ra6 90. Rc4 Ke6 91.
Rc5 Kf6 92. Ke4 Rb6 1/2-1/2

[Event "SR 2. liga A 2003/2004"]
[Site "?"]
[Date "2004.02.08"]
[Round "9.2"]
[White "Minich, Peter"]
[Black "Seitler, Andrej"]
[Result "1/2-1/2"]
[WhiteElo "2210"]
[BlackElo "2144"]
[PlyCount "68"]
[EventDate "2003.??.??"]

1. c4 Nf6 2. Nc3 g6 3. g3 c5 4. Bg2 Bg7 5. e4 Nc6 6. Nge2 O-O 7. O-O d6 8. b3
Nd4 9. Bb2 a6 10. Nxd4 cxd4 11. Ne2 e5 12. d3 b5 13. Rc1 Nd7 14. f4 f6 15. Qd2
Qb6 16. Ba3 Nc5 17. Bxc5 dxc5 18. fxe5 fxe5 19. Rxf8+ Bxf8 20. h4 bxc4 21. Rxc4
a5 22. Kh2 Be6 23. Rc2 a4 24. bxa4 Rxa4 25. Bh3 Bf7 26. Rb2 Rb4 27. Rxb4 cxb4
28. Qc2 Bh6 29. Bd7 Qf6 30. Kg2 g5 31. hxg5 Qxg5 32. Ba4 Qf6 33. Bb3 Be3 34.
Ng1 Bxg1 1/2-1/2

[Event "SR 2. liga A 2003/2004"]
[Site "?"]
[Date "2004.02.08"]
[Round "9.2"]
[White "Szollos, Ondrej"]
[Black "Vlcek, Stanislav"]
[Result "1-0"]
[WhiteElo "2068"]
[BlackElo "2215"]
[PlyCount "113"]
[EventDate "2003.??.??"]

1. Nf3 b6 2. d3 g6 3. c3 Bb7 4. Nbd2 Bg7 5. e4 c5 6. Be2 Nc6 7. O-O d5 8. Re1
d4 9. c4 e5 10. Nf1 Nf6 11. Ng3 O-O 12. Bd2 h6 13. a3 a5 14. b3 Qd6 15. Rb1
Rfb8 16. Rf1 Bc8 17. Ne1 b5 18. f4 Rb7 19. Nf3 exf4 20. e5 Nxe5 21. Bxf4 Nxf3+
22. Rxf3 Qb6 23. Rf1 Bd7 24. Qc1 Kh7 25. Be5 Re8 26. Bxf6 Bxf6 27. Ne4 Bf5 28.
Nxf6+ Qxf6 29. Bf3 Rbe7 30. cxb5 Bxd3 31. Be2 Qxf1+ 32. Bxf1 Bxb1 33. Qxb1 Re1
34. Qd3 R8e6 35. Qc4 Rf6 36. b6 d3 37. Qxd3 Rxb6 38. Kf2 Ra1 39. Qc3 Rxa3 40.
Bc4 Ra2+ 41. Kg3 a4 42. Qf3 f5 43. Qd5 Rxb3+ 44. Bxb3 axb3 45. Qf7+ Kh8 46.
Qxb3 Ra8 47. Qd5 Rf8 48. Qxc5 Kg7 49. Kf4 Re8 50. Qc7+ Kg8 51. Qd7 Re4+ 52. Kf3
Kh8 53. Qf7 Rg4 54. h3 Rg5 55. g3 Rh5 56. h4 f4 57. Qxg6 1-0

[Event "SR 2. liga A 2003/2004"]
[Site "?"]
[Date "2004.02.08"]
[Round "9.3"]
[White "Eged, Igor"]
[Black "Banas, Jan"]
[Result "1/2-1/2"]
[WhiteElo "2136"]
[BlackElo "2369"]
[PlyCount "99"]
[EventDate "2003.??.??"]

1. Nf3 g6 2. g3 Bg7 3. Bg2 c5 4. c4 Nc6 5. O-O e5 6. Nc3 Nge7 7. d3 d6 8. Bd2
O-O 9. Rb1 Rb8 10. a3 a5 11. e4 f5 12. Ne1 f4 13. g4 Nd4 14. f3 Nec6 15. Nc2
Nxc2 16. Qxc2 Be6 17. Nb5 Bf6 18. Be1 Bh4 19. Bxh4 Qxh4 20. Qf2 Qe7 21. h4 h6
22. Kh2 Kg7 23. Bh3 Qd7 24. Bg2 b6 25. Rh1 Ra8 26. a4 Nb4 27. Qe2 Qe7 28. Kg1
Rf7 29. Rf1 Raf8 30. Rh2 Bd7 31. Nc3 Nc6 32. Qd1 Nd4 33. Rf2 Qd8 34. b3 Be6 35.
Ne2 Nc6 36. Nc3 Qd7 37. Nb5 Qe7 38. Bh1 Nb8 39. Nc3 Nd7 40. Nb1 Nf6 41. Nd2 Rh8
42. Kf1 Qd7 43. Rhg2 Kf8 44. Rg1 Ke8 45. Qe2 h5 46. g5 Ng4 47. Ke1 Nxf2 48.
Kxf2 Kf8 49. Ra1 Kg7 50. Nb1 1/2-1/2

[Event "SR 2. liga A 2003/2004"]
[Site "?"]
[Date "2004.02.08"]
[Round "9.3"]
[White "Hecko, Dusan"]
[Black "Nicolini, Alexander"]
[Result "1-0"]
[WhiteElo "2176"]
[BlackElo "2120"]
[PlyCount "95"]
[EventDate "2003.??.??"]

1. e4 c6 2. d4 d5 3. exd5 cxd5 4. Bd3 Nc6 5. c3 g6 6. Bf4 Bg7 7. Nd2 Nf6 8.
Ngf3 O-O 9. Ne5 Nd7 10. Nxc6 bxc6 11. O-O e5 12. dxe5 Nxe5 13. Be2 Re8 14. Nb3
Qf6 15. Be3 h5 16. Qd2 Bf8 17. Bg5 Qd6 18. Rfe1 Bd7 19. Rad1 f6 20. Be3 Qc7 21.
Qd4 Bg7 22. Qd2 Rad8 23. Nd4 Bc8 24. b4 Be6 25. Qc2 Bf7 26. Nb3 g5 27. Nd4 Bg6
28. Qd2 Ng4 29. Bxg4 hxg4 30. f4 gxf3 31. Nxf3 Be4 32. Qf2 Ra8 33. Bc5 Qf4 34.
Nd4 a5 35. Qxf4 gxf4 36. Nxc6 axb4 37. Nxb4 Rad8 38. Bd4 Kf7 39. a4 f3 40. gxf3
Bxf3 41. Rxe8 Rxe8 42. Rd2 Bh6 43. Ra2 Be2 44. a5 Bc4 45. Ra1 Bf4 46. a6 Re2
47. a7 Bxh2+ 48. Kh1 1-0

[Event "SR 2. liga A 2003/2004"]
[Site "?"]
[Date "2004.02.08"]
[Round "9.3"]
[White "Janos, Jozef"]
[Black "Kovarik, Oto"]
[Result "1-0"]
[WhiteElo "2211"]
[BlackElo "2128"]
[PlyCount "141"]
[EventDate "2003.??.??"]

1. e4 c5 2. Nc3 Nc6 3. g3 e6 4. Bg2 d6 5. Nge2 Nf6 6. d4 cxd4 7. Nxd4 Be7 8.
O-O O-O 9. h3 Bd7 10. Kh2 Nxd4 11. Qxd4 Bc6 12. Be3 Qc7 13. a4 a5 14. Nb5 Qd7
15. c4 e5 16. Qd3 Ne8 17. Nc3 Nc7 18. b3 f5 19. Rad1 f4 20. Bb6 Ne6 21. c5
fxg3+ 22. fxg3 Rxf1 23. Bxf1 Nd4 24. cxd6 Qxd6 25. Qc4+ Kh8 26. Bxd4 exd4 27.
Rxd4 Qe5 28. Nd5 Bd6 29. Qd3 Rf8 30. Bg2 Bc5 31. Rc4 Ba7 32. Qc3 Qg5 33. h4 Qg4
34. Ne3 Qe2 35. Nf5 Rxf5 36. Rxc6 Rf8 37. Rc8 Qf2 38. Rxf8+ Qxf8 39. Qxa5 Bb8
40. Qf5 Qe8 41. Bh3 h6 42. a5 Be5 43. Qc8 Qxc8 44. Bxc8 Bc3 45. Bxb7 Bxa5 46.
e5 Kg8 47. Bd5+ Kf8 48. Kg2 Ke7 49. g4 Bc3 50. e6 Bf6 51. h5 Kd6 52. Bc4 Bc3
53. Kf3 Bf6 54. Ke4 Bc3 55. Kf5 Ke7 56. Bb5 Kd6 57. Bd7 Ke7 58. Ke4 Kd6 59. Kd3
Bb4 60. Kc4 Be1 61. Kb5 Bh4 62. b4 Kc7 63. Ka6 Be7 64. b5 Bc5 65. Be8 Kb8 66.
b6 Be7 67. Kb5 Kb7 68. Bc6+ Kc8 69. Bd5 Bd8 70. Kc6 Be7 71. b7+ 1-0

[Event "SR 2. liga A 2003/2004"]
[Site "?"]
[Date "2004.02.08"]
[Round "9.3"]
[White "Machalova, Veronika"]
[Black "Djubek, Boris"]
[Result "1-0"]
[WhiteElo "2156"]
[BlackElo "2131"]
[PlyCount "79"]
[EventDate "2003.??.??"]

1. e4 e5 2. Nf3 Nc6 3. Bb5 a6 4. Ba4 Nf6 5. O-O Be7 6. Re1 b5 7. Bb3 d6 8. h3
Na5 9. c3 Nxb3 10. Qxb3 Bb7 11. d3 O-O 12. Nbd2 Nd7 13. Nf1 Nc5 14. Qc2 f5 15.
N1h2 fxe4 16. dxe4 Qe8 17. b4 Ne6 18. a4 Nf4 19. axb5 axb5 20. Rxa8 Qxa8 21. c4
Qa4 22. Qc3 d5 23. Qxe5 Bd6 24. Qd4 Ne6 25. Qb2 dxc4 26. Bd2 Ra8 27. Nd4 Nxd4
28. Qxd4 Bxb4 29. e5 Bxd2 30. Qxd2 Qa5 31. Qe2 Qb6 32. e6 Qc6 33. f3 Re8 34. e7
b4 35. Kh1 c3 36. Qa2+ Qd5 37. Qa4 Bc6 38. Qxb4 Qd2 39. Rg1 Qe3 40. Qc4+ {time}
1-0

[Event "SR 2. liga A 2003/2004"]
[Site "?"]
[Date "2004.02.08"]
[Round "9.3"]
[White "Petreje, Juraj"]
[Black "Toth_Vano, Peter"]
[Result "1/2-1/2"]
[WhiteElo "2189"]
[BlackElo "2032"]
[PlyCount "106"]
[EventDate "2003.??.??"]

1. Nf3 Nf6 2. g3 d5 3. Bg2 c5 4. O-O e6 5. c4 Be7 6. d4 O-O 7. cxd5 exd5 8. Nc3
cxd4 9. Nxd4 Nc6 10. a3 Qa5 11. Bf4 Nxd4 12. Qxd4 Be6 13. b4 Qb6 14. Rfd1 Qxd4
15. Rxd4 a5 16. Rad1 axb4 17. axb4 Rac8 18. Nxd5 Bxd5 19. Bxd5 Nxd5 20. Rxd5
Bxb4 21. Rb5 Ba3 22. Rxb7 Rfd8 23. Rxd8+ Rxd8 24. Rb8 Rxb8 25. Bxb8 Kf8 26. Ba7
Ke7 27. Bd4 g6 28. g4 Bd6 29. Kg2 Ke6 30. h3 Kd5 31. Ba7 Ke4 32. f3+ Kd5 33.
Kf2 Bf4 34. Be3 Bd6 35. Bh6 Kd4 36. h4 f5 37. Bg7+ Kd5 38. Ke3 f4+ 39. Kd3 Bc5
40. Bh6 Be3 41. Bg5 Ke5 42. Bd8 Kd5 43. Bf6 Bf2 44. h5 gxh5 45. gxh5 Be3 46.
Bc3 Bf2 47. Bd2 Ke5 48. e4 fxe3 49. Bxe3 Bxe3 50. Kxe3 Kf5 51. f4 Kg4 52. Ke4
Kxh5 53. f5 Kh6 1/2-1/2